| 000 | 01165nam a2200253Ia 4500 | ||
|---|---|---|---|
| 999 |
_c37625 _d37625 |
||
| 001 | 3597 | ||
| 003 | GE_BSU | ||
| 005 | 20230301125008.0 | ||
| 008 | 181216s2003||||ge |||||||||||||| ||geo|| | ||
| 020 | _a9992896981 | ||
| 040 | _cGE_BSU | ||
| 041 | _ageo | ||
| 080 | _a342.4(075.8) მ–54 | ||
| 100 |
_aმელქაძე, ოთარ _9790 |
||
| 245 |
_aკონსტიტუციონალიზმი : _bთეორიის საკითხები / _cოთარ მელქაძე. |
||
| 264 |
_aბათუმი : _bბათუმის უნ-ტის გამ-ბა, _c2003. |
||
| 300 |
_a156 გვ. ; _b20 სმ. |
||
| 490 | _aპოლიტიკურ-სამართლებრივი ლიტ. სერია ; წ. 17 | ||
| 504 | _aბიბლიოგრ. ტექსტ. შენიშვნ. | ||
| 653 | _aკონსტიტუციური სამართალი | ||
| 653 | _aკონსტიტუციონალიზმი | ||
| 710 |
_aმსოფლიო პარლამენტარიზმის კვლევითი ცენტრი. _92952 |
||
| 942 |
_cBK _2udc |
||